Essentials Of Samadhi Shataka (Record no. 1365938)

MARC details
000 -LEADER
fixed length control field 00684nam a2200289Ia 4500
008 - FIXED-LENGTH DATA ELEMENTS--GENERAL INFORMATION
fixed length control field 160321s9999||||xx |||||||||||||| ||und||
040 ## - CATALOGING SOURCE
Transcribing agency English
082 ## - DEWEY DECIMAL CLASSIFICATION NUMBER
Classification number XB/Chamke
082 ## - DEWEY DECIMAL CLASSIFICATION NUMBER
Item number BORI-57466
100 ## - MAIN ENTRY--PERSONAL NAME
Personal name B. M. Chamke
245 ## - TITLE STATEMENT
Title Essentials Of Samadhi Shataka
260 ## - PUBLICATION, DISTRIBUTION, ETC. (IMPRINT)
Place of publication, distribution, etc Solapur
260 ## - PUBLICATION, DISTRIBUTION, ETC. (IMPRINT)
Name of publisher, distributor, etc S. B. Chamke
300 ## - PHYSICAL DESCRIPTION
Extent Viii+152
300 ## - PHYSICAL DESCRIPTION
Dimensions A
300 ## - PHYSICAL DESCRIPTION
Accompanying material Paperback
530 ## - ADDITIONAL PHYSICAL FORM AVAILABLE NOTE
Availability source S. A. Kher
530 ## - ADDITIONAL PHYSICAL FORM AVAILABLE NOTE
Uniform Resource Identifier <a href="00047848.pdf">00047848.pdf</a>
563 ## - BINDING INFORMATION
Binding note Study
600 ## - SUBJECT ADDED ENTRY--PERSONAL NAME
Personal name B. M. Chamke
630 ## - SUBJECT ADDED ENTRY--UNIFORM TITLE
Uniform title Essentials Of Samadhi Shataka
650 ## - SUBJECT ADDED ENTRY--TOPICAL TERM
Topical term or geographic name as entry element Buddhism
650 ## - SUBJECT ADDED ENTRY--TOPICAL TERM
Topical term or geographic name as entry element Jainism
700 ## - ADDED ENTRY--PERSONAL NAME
Personal name B. M. Chamke
730 ## - ADDED ENTRY--UNIFORM TITLE
Uniform title Essentials Of Samadhi Shataka
942 ## - ADDED ENTRY ELEMENTS (KOHA)
Koha item type Book
Holdings
Withdrawn status Lost status Damaged status Not for loan Home library Current library Date acquired Cost, normal purchase price Total Checkouts Full call number Barcode Date last seen Cost, replacement price Price effective from Koha item type
        Bhandarkar Oriental Research Institute, Pune Bhandarkar Oriental Research Institute, Pune 05/02/1988 60.00   BORI-57466 BORI-57466 03/21/2016 60.00 03/21/2016 Book